Either/Or in 30: First Ladies Quiz Stats

 Plays Quiz Updated Mar 13, 2019

Score 0/13 Timer 00:30
3 Plays Today
Question Answer Wrong Answers
Bill Clinton Hillary
93%
Mallory
0.6%
Barack Obama Michelle
92.8%
Rochelle
0.4%
Donald Trump Melania
92.4%
Melody
0.8%
Ronald Reagan Nancy
92.3%
Patsy
1.4%
Franklin D. Roosevelt Eleanor
92.3%
Elsinor
0.9%
John F. Kennedy Jackie
92%
Jessie
1.3%
George W. Bush Laura
91.3%
Lana
1.9%
Abraham Lincoln Mary
91.2%
Mira
2.3%
George Washington Martha
90.8%
Bertha
2.6%
Gerald Ford Betty
87.9%
Bessy
5.6%
John Adams Abigail
86.9%
Annabel
6.4%
Richard Nixon Pat
78.7%
Pam
14.5%
Dwight Eisenhower Mamie
72.9%
Mimi
20.6%

You're not logged in!

Compare scores with friends on all Sporcle quizzes.
OR
Log In

Sporcle TV

Today on Sporcle TV


Watch our educational content, quiz creation guides, and fun videos on Sporcle TV.

Show Comments

Extras

Top Quizzes Today


Score Distribution

Your Account Isn't Verified!

In order to create a playlist on Sporcle, you need to verify the email address you used during registration. Go to your Sporcle Settings to finish the process.

Report this User

Report this user for behavior that violates our Community Guidelines.

Details: